Visualizzazione normale
Vista MARC
- Fraiese Paolo
di Personal Name
Records bibliografici associati: 1
001 - CONTROL NUMBER
- control field: 43908
003 - CONTROL NUMBER IDENTIFIER
- control field: IT-RoPau
005 - DATE AND TIME OF LATEST TRANSACTION
- control field: 20151127120322.0
008 - FIXED-LENGTH DATA ELEMENTS
- fixed length control field: 151127|| aca||aabn | a|a d
040 ## - CATALOGING SOURCE
- Original cataloging agency: IT-RoPau
- Transcribing agency: IT-RoPau
100 ## - HEADING--PERSONAL NAME
- Personal name: Fraiese Paolo
- Relator term: (regista)
- Miscellaneous information: Codice regista SPICS: 29731
670 ## - SOURCE DATA FOUND
- Source citation: Work cat.: (IT-RoPau)105887: Fraiese Paolo Codice regista SPICS: 29731 43906, GIORGIO LA PIRA-L'UOMO DELLA PACE GIORGIO LA PIRA-L'UOMO DELLA PACE (Rif. Codice opera principale : 85137)